000 00764cab a2200229 4500
001 WB3442-08
008 090401t1998 xxu||||| |||| 00| 0 eng d
035 _a(Sirsi) u89509
041 _aeng
245 _aPFI review
260 _c1998
350 _a0
490 _aFinancial Times
_v4 November 1998, 13
490 _aIndependent
_v4 November 1998, 13(1)
520 _aApproximately £11bn will be raised over the next three years under the Government`s PFI scheme. A second review of PFI is planned to consider how the work of the PFI Taskforce will continue after its mandate expires in August 1999.
650 _aPFI TASKFORCE
650 _aPFI
650 _aPUBLIC INVESTMENT
690 _aBUILT ENVIRONMENT
942 _n0
948 _c04/11/1998
999 _c56642
_d56642